01050nam a2200277 u 45000010006000000050017000060080041000230350010000640400013000740410008000870820008000951000052001032450130001552600043002853000014003286500040003426500050003826500048004326500030004807000052005109420010005629990017005725020012005895260008006019520163006096877020260504071842.0960313s1991 ||||||m| spa  a68770 ccomduadb aspa 4a37110aJaramillo Cardona, Nubia Ines4auteaut926280610aPrograma de educacion familiar tendiente a disminuir riesgos en factores que inciden en la farmacodependencia y su evaluacion aMedellín :b[sin publicador],c1991. a206 hojas 7aEducación en el hogar2lemb92360 aDrogadicción - Prevención y control92584 7aRehabilitación de drogadictos2lemb91913 aSurgir - Programas91122310aLondoño Molina, Tulio Jario4auteaut9480425 cTESIS c28943d28943 b153c15 a155 001040708TESISBCaBCbBCd1998-05-14eMaterial adquirido por donacióniC111356l0o371.46 J37pp61000002229322r2023-04-20 00:00:00t1w2023-04-20yTESIS